000
00361nam a22001577a 4500
003
MPLRDC
005
20220104124315.0
008
210129b ||||| |||| 00| 0 eng d
082
_a
427.1 QYZ
100
_a
秦一洲编
245
_a
防癌汤水
_c
260
_a
_b
宝威图书公司
_c
300
_b
平
650
_a
食谱--汤
942
_c
BK
_o
427.1 QYZ
999
_c
18291
_d
18281